[Event "4NCL Division Four"]
[Site "Telford, ENG"]
[Date "2024.01.06"]
[Round "3.96"]
[White "Ryan, John"]
[Black "Rogers, Jonathan"]
[Result "1-0"]
[WhiteElo "1521"]
[BlackElo "1400"]
[PlyCount "91"]
[EventDate "2024.01.06"]
[WhiteTeam "Iceni 2"]
[BlackTeam "War and Piece B"]

1. d4 Nf6 2. Bf4 d6 3. Nf3 g6 4. e3 Bg7 5. c3 O-O 6. Be2 Nc6 7. O-O Ne4 8. Nbd2
Bf5 9. Qb3 d5 10. Rac1 Na5 11. Qd1 e6 12. c4 b6 13. cxd5 exd5 14. Bxc7 Qd7 15.
Bf4 Rfe8 16. Rc7 Qd8 17. b4 Nc4 18. Nxc4 Nc3 19. Qd2 Ne4 20. Qb2 dxc4 21. Rxc4
Be6 22. Rc7 a5 23. bxa5 bxa5 24. Rfc1 Rb8 25. Rb7 Rxb7 26. Qxb7 Bxa2 27. Qa7
Qd5 28. Qc7 Qb3 29. Qxa5 Qb2 30. Qe1 Bf8 31. Bd3 Bb4 32. Qf1 Nd2 33. Nxd2 Bxd2
34. Ra1 Rc8 35. Rd1 Rc1 36. Rxc1 Bxc1 37. h3 Qd2 38. Bg3 Qb2 39. Bc4 Bb1 40. d5
Qd2 41. d6 Bf5 42. Bf4 Ba3 43. Bxf7+ Kxf7 44. Qc4+ Be6 45. Qc7+ Ke8 46. Qe7#
1-0

[Event "4NCL Division Four"]
[Site "Telford, ENG"]
[Date "2024.01.06"]
[Round "3.101"]
[White "Burgess, Jasmine"]
[Black "Scott, Jane"]
[Result "1-0"]
[WhiteElo "1694"]
[BlackElo "1275"]
[PlyCount "60"]
[EventDate "2024.01.06"]
[WhiteTeam "She Plays To Win Uni"]
[BlackTeam "She Plays To Win Young Stars B"]

1. e4 e5 2. Nf3 Nc6 3. Bc4 Nf6 4. d3 Be7 5. Nc3 O-O 6. O-O d6 7. h3 Be6 8. Nd5
Bxd5 9. exd5 Nb4 10. d4 exd4 11. Nxd4 Nbxd5 12. Nf5 Nb6 13. Bd3 Re8 14. Qf3 d5
15. Qg3 g6 16. Nh6+ Kg7 17. Bg5 Ne4 18. Bxe4 Bxg5 19. Nf5+ gxf5 20. Bxf5 Kh8
21. Qf3 Qf6 22. h4 Bh6 23. Qh5 Re5 24. g4 Rg8 25. Kh1 Nc4 26. Rfe1 Nd6 27. Rxe5
Qxe5 28. Qxh6 Nxf5 29. gxf5 Qe4+ 30. Kh2 Qg2# 1-0

[Event "4NCL Division Four"]
[Site "Telford, ENG"]
[Date "2024.01.06"]
[Round "3.103"]
[White "Desheva, Evie"]
[Black "Sengupta, Sohana"]
[Result "1/2-1/2"]
[WhiteElo "1656"]
[BlackElo "1249"]
[PlyCount "128"]
[EventDate "2024.01.06"]
[WhiteTeam "She Plays To Win Uni"]
[BlackTeam "She Plays To Win Young Stars B"]

1. e4 c5 2. c3 Nc6 3. d4 cxd4 4. cxd4 d5 5. exd5 Qxd5 6. Nf3 e6 7. Nc3 Qd8 8.
Bc4 Nf6 9. d5 exd5 10. Nxd5 Nxd5 11. Bxd5 Qa5+ 12. Kf1 Be7 13. Qb3 O-O 14. Bg5
Qc5 15. Re1 Bd6 16. h4 Nb4 17. Bc4 b5 18. Bxf7+ Kh8 19. a3 Nc6 20. h5 h6 21.
Nh4 Qxg5 22. Ng6+ Kh7 23. Nxf8+ Bxf8 24. Qc2+ Bf5 25. Qxc6 Bd3+ 26. Kg1 Rd8 27.
Bg6+ Bxg6 28. Qxg6+ Qxg6 29. hxg6+ Kxg6 30. Kh2 Rd5 31. Re6+ Kg5 32. Rhe1 Bd6+
33. Kh3 h5 34. g3 g6 35. f4+ Kh6 36. Rf6 Rd3 37. Ree6 Bb8 38. Rxg6+ Kh7 39. Kh4
Rd5 40. Rh6+ Kg8 41. Rxh5 Rd7 42. Rf5 Bc7 43. Kh5 Bd6 44. Rg6+ Kh7 45. Rg4 a6
46. Rf6 Kh8 47. Rh6+ Rh7 48. Rxh7+ Kxh7 49. Rg6 Bc5 50. Rxa6 Bd4 51. Ra7+ Bxa7
52. Kg5 Kg7 53. Kf5 Bd4 54. b3 Bb2 55. a4 bxa4 56. bxa4 Bc3 57. Ke6 Kg6 58. g4
Kg7 59. f5 Kf8 60. g5 Ke8 61. g6 Kf8 62. f6 Bb4 63. Kd7 Bc3 64. Kd8 Bxf6+
1/2-1/2

[Event "4NCL Division Four"]
[Site "Telford, ENG"]
[Date "2024.01.06"]
[Round "3.104"]
[White "Wilde, Grace"]
[Black "Ravi, Vash"]
[Result "1/2-1/2"]
[WhiteElo "1335"]
[BlackElo "1407"]
[PlyCount "105"]
[EventDate "2024.01.06"]
[WhiteTeam "She Plays To Win Young Stars B"]
[BlackTeam "She Plays To Win Uni"]

1. d4 e6 2. c4 d5 3. Nc3 Nf6 4. Nf3 Bb4 5. Bf4 Ne4 6. Bd2 Nxd2 7. Qxd2 dxc4 8.
e3 b5 9. a3 Bxc3 10. Qxc3 c6 11. a4 O-O 12. b3 Bb7 13. bxc4 bxa4 14. Rxa4 c5
15. Be2 Qf6 16. Qb3 Bc6 17. Ra1 Rd8 18. Rd1 cxd4 19. exd4 Qe7 20. O-O Na6 21.
Ne5 Bb7 22. c5 Bd5 23. Qa4 Nc7 24. Bc4 Qg5 25. Bxd5 Nxd5 26. Nf3 Qg4 27. h3 Qf4
28. Qc2 Rdc8 29. Qd2 a5 30. Qxf4 Nxf4 31. Ra1 a4 32. Ra3 Kf8 33. Rfa1 Ke7 34.
Rxa4 Rxa4 35. Rxa4 f6 36. Ra7+ Kf8 37. g3 Nxh3+ 38. Kg2 Ng5 39. Nxg5 fxg5 40.
Kf3 e5 41. Ke4 exd4 42. Kxd4 h5 43. Ra1 Rd8+ 44. Kc3 Ke7 45. Ra7+ Rd7 46. Rxd7+
Kxd7 47. Kd4 h4 48. gxh4 gxh4 49. Ke4 g5 50. Kf3 Kc6 51. Kg4 Kxc5 52. f4 h3 53.
Kxh3 1/2-1/2

[Event "4NCL Division Four"]
[Site "Telford, ENG"]
[Date "2024.01.06"]
[Round "3.105"]
[White "Khunda, Deema"]
[Black "Eccleston, Bryony"]
[Result "0-1"]
[WhiteElo "1487"]
[BlackElo "1251"]
[PlyCount "69"]
[EventDate "2024.01.06"]
[WhiteTeam "She Plays To Win Uni"]
[BlackTeam "She Plays To Win Young Stars B"]

1. d4 Nf6 2. c4 e5 3. dxe5 Ng4 4. Nf3 Bc5 5. e3 Nc6 6. Be2 Ngxe5 7. Nbd2 d6 8.
a3 Bf5 9. b4 Qf6 10. Nxe5 Qxe5 11. Rb1 Bxb1 12. bxc5 Qf5 13. O-O Bc2 14. Qe1
Qxc5 15. Bb2 Ne5 16. Bxe5 dxe5 17. Qc1 Bf5 18. Nf3 Rd8 19. Qb2 f6 20. Nd2 Bd3
21. Re1 Bxe2 22. Rxe2 Qxc4 23. Re1 Qc6 24. Rc1 Qb6 25. Qa2 Rd7 26. Kf1 Ke7 27.
Rb1 Rxd2 28. Rxb6 Rxa2 29. Rxb7 Rd8 30. Rxc7+ Rd7 31. Rc1 Rxa3 32. Ke2 e4 33.
Rb1 Ke6 34. g3 Ra2+ 35. Kf1 0-1

[Event "4NCL Division Four"]
[Site "Telford, ENG"]
[Date "2024.01.06"]
[Round "3.106"]
[White "Zhao, Wenyi"]
[Black "Mehta, Hatle"]
[Result "0-1"]
[WhiteElo "1159"]
[BlackElo "1255"]
[PlyCount "124"]
[EventDate "2024.01.06"]
[WhiteTeam "She Plays To Win Young Stars B"]
[BlackTeam "She Plays To Win Uni"]

1. d4 d6 2. c4 Nf6 3. Nc3 g6 4. e4 Nbd7 5. Nf3 c5 6. d5 Bg7 7. Be2 O-O 8. O-O
Re8 9. a3 e5 10. b4 a6 11. bxc5 Nxc5 12. Qc2 Bg4 13. Ne1 Bxe2 14. Qxe2 Nb3 15.
Rb1 Nxc1 16. Rxc1 Bh6 17. Rc2 Bf4 18. Nd3 Bh6 19. f4 exf4 20. c5 dxc5 21. Nxc5
Rc8 22. Nxb7 Qb6+ 23. Kh1 Qxb7 24. h4 Qe7 25. Re1 Nh5 26. Qg4 Ng3+ 27. Kh2 Qxa3
28. Nb1 Qd3 29. Rxc8 Rxc8 30. Qxc8+ Kg7 31. Nc3 Nf1+ 32. Kg1 Ng3 33. e5 f3 34.
Kf2 Nf5 35. Qc5 Qd2+ 36. Ne2 fxe2 37. Rxe2 Be3+ 38. Kf3 Nd4+ 39. Qxd4 Qxd4 40.
Rxe3 Qxd5+ 41. Re4 a5 42. g4 a4 43. Kf4 a3 44. h5 a2 45. Ra4 Qd2+ 46. Kg3 Qc3+
47. Kf4 a1=Q 48. Rxa1 Qxa1 49. g5 gxh5 50. Kf5 Qf1+ 51. Ke4 h4 52. Kd5 h3 53.
e6 fxe6+ 54. Kxe6 h2 55. g6 Kxg6 56. Kd6 h1=Q 57. Kc5 Qh5+ 58. Kd4 Qf4+ 59. Kd3
Qh3+ 60. Ke2 Qfh2+ 61. Ke1 Qa3 62. Kd1 Qa1# 0-1

[Event "4NCL Division Four"]
[Site "Telford, ENG"]
[Date "2024.01.06"]
[Round "3.111"]
[White "Nelson, Omowale"]
[Black "MacLeod, Alasdair"]
[Result "0-1"]
[WhiteElo "1961"]
[BlackElo "1827"]
[PlyCount "46"]
[EventDate "2024.01.06"]
[WhiteTeam "Watford A"]
[BlackTeam "English Deaf Chess Association"]

1. d4 Nf6 2. c4 g6 3. Nc3 Bg7 4. e4 d6 5. Nf3 O-O 6. h3 c6 7. Be3 Nbd7 8. Be2
h6 9. e5 Ne8 10. e6 fxe6 11. Nh4 Rf6 12. Ne4 Nf8 13. Nxf6+ exf6 14. Qd2 g5 15.
Nf3 f5 16. g3 Qf6 17. O-O-O d5 18. h4 g4 19. Ne5 Nd7 20. Bf4 Kh7 21. f3 h5 22.
fxg4 hxg4 23. h5 Nxe5 0-1

[Event "4NCL Division Four"]
[Site "Telford, ENG"]
[Date "2024.01.06"]
[Round "3.112"]
[White "David, Barry A H"]
[Black "Rubeck, Jonathan"]
[Result "1/2-1/2"]
[WhiteElo "1658"]
[BlackElo "1974"]
[PlyCount "80"]
[EventDate "2024.01.06"]
[WhiteTeam "English Deaf Chess Association"]
[BlackTeam "Watford A"]

1. e4 e6 2. d4 d5 3. e5 c5 4. c3 Qb6 5. Nf3 Bd7 6. Bd3 cxd4 7. cxd4 Bb5 8. O-O
Bxd3 9. Qxd3 Nc6 10. Nc3 Nge7 11. a3 Qd8 12. b4 Nf5 13. Ne2 Be7 14. g4 Nh4 15.
Nxh4 Bxh4 16. f4 Be7 17. Bd2 g6 18. Rf3 Qb6 19. Kg2 a6 20. Be3 Rc8 21. Rc1 Kd7
22. Nc3 Qa7 23. f5 gxf5 24. gxf5 Rcg8+ 25. Kh1 b5 26. f6 Bd8 27. Nxd5 exd5 28.
Qf5+ Kc7 29. e6 fxe6 30. Qxe6 Qb6 31. Bf4+ Kb7 32. Qd7+ Bc7 33. Rfc3 Rd8 34.
Qxc7+ Qxc7 35. Bxc7 Kxc7 36. Rxc6+ Kb7 37. Rc7+ Kb8 38. R7c6 Kb7 39. Rc7+ Kb8
40. R7c6 Kb7 1/2-1/2

[Event "4NCL Division Four"]
[Site "Telford, ENG"]
[Date "2024.01.06"]
[Round "3.113"]
[White "Lancaster, Roger"]
[Black "Ajimal, Jet"]
[Result "1-0"]
[WhiteElo "1956"]
[BlackElo "1670"]
[PlyCount "59"]
[EventDate "2024.01.06"]
[WhiteTeam "Watford A"]
[BlackTeam "English Deaf Chess Association"]

1. c4 e5 2. Nc3 Nf6 3. g3 g6 4. Bg2 Bg7 5. Nf3 d6 6. O-O O-O 7. d4 exd4 8. Nxd4
Nbd7 9. e3 Nb6 10. b3 c6 11. Bb2 Qe7 12. a4 a5 13. Qd3 Rd8 14. Ba3 Qe8 15. e4
Be6 16. Rac1 Bf8 17. Nxe6 Qxe6 18. Rfe1 Nbd7 19. Rcd1 Nc5 20. Qc2 Ne8 21. f4
Bg7 22. e5 Qc8 23. exd6 Ne6 24. Ne4 Nf6 25. c5 Nd5 26. Qc4 Qd7 27. Bh3 f5 28.
Ng5 Re8 29. Bg2 Nxg5 30. fxg5 1-0

[Event "4NCL Division Four"]
[Site "Telford, ENG"]
[Date "2024.01.06"]
[Round "3.114"]
[White "Berridge, Martin"]
[Black "Dairi, Ramsey"]
[Result "1/2-1/2"]
[WhiteElo "1688"]
[BlackElo "1761"]
[PlyCount "73"]
[EventDate "2024.01.06"]
[WhiteTeam "English Deaf Chess Association"]
[BlackTeam "Watford A"]

1. e4 c5 2. Nf3 g6 3. d4 cxd4 4. Nxd4 Nc6 5. Nc3 Bg7 6. Be3 Nf6 7. f3 O-O 8.
Qd2 d5 9. exd5 Nxd5 10. Nxc6 bxc6 11. Nxd5 cxd5 12. O-O-O Rb8 13. c3 Qa5 14.
Qxd5 Bxc3 15. Qxa5 Bxa5 16. Bh6 Bf5 17. Bd3 Rfc8+ 18. Kb1 Bc3 19. b3 Be6 20.
Bc2 a5 21. Bd2 a4 22. Bxc3 Rxc3 23. Kb2 Re3 24. Rhe1 Rxe1 25. Rxe1 Kf8 26. Re4
axb3 27. Bxb3 Ke8 28. Rd4 Rb6 29. Kc3 Rd6 30. Rxd6 exd6 31. Kd4 Kd7 32. g4 h5
33. h3 hxg4 34. fxg4 g5 35. Bd5 Kc7 36. Kc4 Kb6 37. Kd4 1/2-1/2

[Event "4NCL Division Four"]
[Site "Telford, ENG"]
[Date "2024.01.06"]
[Round "3.115"]
[White "Kataria, Dhairya"]
[Black "Lane, Clifford"]
[Result "0-1"]
[WhiteElo "1265"]
[BlackElo "1487"]
[PlyCount "92"]
[EventDate "2024.01.06"]
[WhiteTeam "Watford A"]
[BlackTeam "English Deaf Chess Association"]

1. e4 e5 2. Nf3 Nc6 3. Bc4 h6 4. d3 Bc5 5. Nc3 Nf6 6. Be3 Bxe3 7. fxe3 d6 8. h3
Na5 9. Bb3 Nxb3 10. axb3 c6 11. d4 Qe7 12. Qe2 a5 13. O-O b6 14. b4 Ba6 15. b5
cxb5 16. b4 O-O 17. Nxb5 Qe8 18. c4 Bxb5 19. cxb5 Nxe4 20. Qd3 Nf6 21. bxa5 e4
22. Qe2 exf3 23. Rxf3 Rxa5 24. Rxa5 bxa5 25. Rf1 Qd7 26. b6 Nd5 27. Rb1 Rb8 28.
Qf3 Rxb6 29. Rf1 Nf6 30. e4 a4 31. e5 dxe5 32. dxe5 Qd4+ 33. Qf2 Qxf2+ 34. Rxf2
Rb1+ 35. Kh2 Ne4 36. Ra2 Nc3 37. Rc2 Rb3 38. Kg1 a3 39. Kf1 a2 40. Rc1 Rb1 41.
Rxb1 axb1=Q+ 42. Kf2 Qf5+ 43. Kg1 Ne2+ 44. Kh1 Qxe5 45. h4 Qe4 46. h5 Qh4# 0-1

[Event "4NCL Division Four"]
[Site "Telford, ENG"]
[Date "2024.01.06"]
[Round "3.116"]
[White "Simmons, Michael W"]
[Black "Dairi, Mahmoud"]
[Result "1/2-1/2"]
[WhiteElo "1068"]
[BlackElo "1308"]
[PlyCount "57"]
[EventDate "2024.01.06"]
[WhiteTeam "English Deaf Chess Association"]
[BlackTeam "Watford A"]

1. d4 f5 2. Nf3 Nf6 3. e3 e6 4. a3 Be7 5. Be2 O-O 6. O-O d6 7. c4 Qe8 8. Nc3
Ne4 9. Qc2 Nxc3 10. Qxc3 Bf6 11. Qb3 Kh8 12. Bd2 b6 13. Bc3 Bb7 14. Rac1 Nd7
15. Rfd1 Qg6 16. d5 e5 17. Qc2 Nc5 18. Nd2 Bc8 19. f4 e4 20. Bxf6 Rxf6 21. b4
Nd7 22. g3 Rf8 23. Re1 Nf6 24. Qd1 Ng4 25. Bxg4 fxg4 26. Qc2 Bf5 27. Nb3 Rae8
28. Nd4 Bd7 29. Rf1 1/2-1/2

[Event "4NCL Division Four"]
[Site "Telford, ENG"]
[Date "2024.01.06"]
[Round "3.121"]
[White "Kitchen, Peter J"]
[Black "Jayawarna, Tarini"]
[Result "0-1"]
[WhiteElo "1692"]
[BlackElo "1526"]
[PlyCount "60"]
[EventDate "2024.01.06"]
[WhiteTeam "Celtic Tigers 3"]
[BlackTeam "She Plays To Win Young Stars A"]

1. Nf3 Nf6 2. d4 g6 3. c4 Bg7 4. g3 d6 5. Bg2 O-O 6. O-O a6 7. Nc3 Nbd7 8. e4
c5 9. h3 Rb8 10. a4 Qa5 11. Qe2 b5 12. cxb5 axb5 13. dxc5 Nxc5 14. Nd4 Bd7 15.
Ndxb5 Bxb5 16. Nxb5 Nfxe4 17. Bxe4 Nxe4 18. Ra3 d5 19. Qe1 Qa6 20. Qd1 e6 21.
b4 Rfc8 22. Qb3 Rc4 23. Be3 Rbc8 24. Kg2 Bf8 25. Raa1 Rxb4 26. Qd1 Rcc4 27. f3
Rb2+ 28. Kg1 Nxg3 29. Rf2 Rxf2 30. Kxf2 Nf5 0-1

[Event "4NCL Division Four"]
[Site "Telford, ENG"]
[Date "2024.01.06"]
[Round "3.122"]
[White "Mehta, Sophie"]
[Black "Flavell, Archie"]
[Result "0-1"]
[WhiteElo "1455"]
[BlackElo "1582"]
[PlyCount "92"]
[EventDate "2024.01.06"]
[WhiteTeam "She Plays To Win Young Stars A"]
[BlackTeam "Celtic Tigers 3"]

1. d4 f5 2. Bf4 e6 3. e3 Nf6 4. Nf3 b6 5. Be2 Bb7 6. O-O Bd6 7. Bxd6 cxd6 8. c4
d5 9. Nc3 O-O 10. Ne5 d6 11. Nf3 Nbd7 12. Ng5 Qe7 13. Nb5 h6 14. Nxe6 Qxe6 15.
Nc7 Qe7 16. Nxa8 Bxa8 17. Rc1 Kh8 18. Bf3 Ne4 19. Bxe4 Qxe4 20. Qf3 Qxf3 21.
gxf3 dxc4 22. Rxc4 Bxf3 23. Rfc1 Rf6 24. Rc7 Rg6+ 25. Kf1 Nf6 26. Rc8+ Kh7 27.
Rf8 Rg2 28. Rxf6 gxf6 29. Rc7+ Rg7 30. Rc8 Kg6 31. Ke1 h5 32. Kd2 Kg5 33. Rc4
h4 34. d5 h3 35. Rf4 Bxd5 36. Rd4 Be6 37. Ke2 Bxa2 38. f4+ Kh4 39. Rxd6 Bb1 40.
Rxf6 Rg2+ 41. Kd1 Rxh2 42. Kc1 Be4 43. Rf7 Rc2+ 44. Kd1 h2 45. Rh7+ Kg3 46. b4
Ra2 0-1

[Event "4NCL Division Four"]
[Site "Telford, ENG"]
[Date "2024.01.06"]
[Round "3.123"]
[White "Rigby, Charles"]
[Black "Keen, Maya"]
[Result "1-0"]
[WhiteElo "1516"]
[BlackElo "1470"]
[PlyCount "141"]
[EventDate "2024.01.06"]
[WhiteTeam "Celtic Tigers 3"]
[BlackTeam "She Plays To Win Young Stars A"]

1. d4 d5 2. c4 e6 3. Nf3 c5 4. cxd5 exd5 5. dxc5 Bxc5 6. e3 Nc6 7. Be2 Nf6 8.
Nbd2 O-O 9. Nb3 Bb6 10. O-O Bg4 11. Qd3 Bxf3 12. Bxf3 Ne5 13. Qf5 Nxf3+ 14.
Qxf3 Qd7 15. Rd1 Rac8 16. Nd4 Bxd4 17. Rxd4 Qe6 18. b3 Rc2 19. Rd2 Rfc8 20. Qd1
Rxd2 21. Bxd2 Ne4 22. Be1 Rc6 23. Rc1 Rxc1 24. Qxc1 Qc6 25. Qxc6 bxc6 26. f3
Nf6 27. Bc3 Nd7 28. b4 g6 29. Kf2 f5 30. e4 a6 31. exd5 cxd5 32. a4 Kf7 33. b5
axb5 34. axb5 Ke6 35. Bd4 Kd6 36. Ke3 g5 37. f4 g4 38. Ba7 h5 39. h3 Kc7 40.
Kd4 Nf6 41. Ke5 Ne4 42. Bd4 Ng3 43. hxg4 hxg4 44. Kxd5 Ne2 45. Ke5 Kb7 46. Bf2
g3 47. Be1 Kb6 48. Kxf5 Kxb5 49. Kg4 Nxf4 50. Kxf4 Kc6 51. Kf5 Kd7 52. Kf6 Ke8
53. Kg7 Ke7 54. Bxg3 Ke6 55. Kg6 Kd5 56. Kf5 Kd4 57. Bf4 Kd5 58. g4 Kc6 59. g5
Kd7 60. Kf6 Ke8 61. Bd6 Kd7 62. Ba3 Ke8 63. g6 Kd7 64. g7 Ke8 65. g8=Q+ Kd7 66.
Qe6+ Kc7 67. Qd6+ Kb7 68. Bc5 Kc8 69. Qe7 Kb8 70. Qd7 Ka8 71. Qa7# 1-0

[Event "4NCL Division Four"]
[Site "Telford, ENG"]
[Date "2024.01.06"]
[Round "3.124"]
[White "Mouskos, Mia"]
[Black "Rughani, Mahin"]
[Result "0-1"]
[WhiteElo "1486"]
[BlackElo "1687"]
[PlyCount "80"]
[EventDate "2024.01.06"]
[WhiteTeam "She Plays To Win Young Stars A"]
[BlackTeam "Apprentice Woodpushers"]

1. e4 c6 2. Nf3 d5 3. Nc3 Bg4 4. exd5 cxd5 5. d4 Nc6 6. Be3 e6 7. Be2 Nf6 8.
O-O Be7 9. Re1 O-O 10. h3 Bh5 11. Nd2 Bg6 12. a3 a6 13. Nf3 Rc8 14. Nh4 Be4 15.
Bd3 b5 16. Nf3 h6 17. Bf4 Bxf3 18. Qxf3 Nxd4 19. Qd1 Nc6 20. Qe2 Na5 21. Rab1
Nc4 22. a4 b4 23. Nd1 a5 24. Bxc4 Rxc4 25. Be5 Bd6 26. Bxd6 Qxd6 27. Ne3 Rc5
28. Rbd1 Qc6 29. Rd3 Qxa4 30. Red1 Qb5 31. Qd2 Ne4 32. Qe1 Ra8 33. Rb3 Rc6 34.
Rd4 Nc5 35. Rbxb4 axb4 36. Rxb4 Qa6 37. Rd4 Qa1 38. Rd1 Qxb2 39. Rb1 Qe5 40.
Qb4 Ra1 0-1

[Event "4NCL Division Four"]
[Site "Telford, ENG"]
[Date "2024.01.06"]
[Round "3.125"]
[White "Parker, Ethan"]
[Black "Haria-Skuse, Ashwina"]
[Result "0-1"]
[WhiteElo "1608"]
[BlackElo "1459"]
[PlyCount "98"]
[EventDate "2024.01.06"]
[WhiteTeam "Apprentice Woodpushers"]
[BlackTeam "She Plays To Win Young Stars A"]

1. d4 d5 2. Bf4 Nf6 3. e3 g6 4. Nf3 Bg7 5. Nbd2 O-O 6. Bd3 Nbd7 7. O-O b6 8. c3
Bb7 9. Ne5 c5 10. h4 Nxe5 11. Bxe5 cxd4 12. exd4 Ne4 13. Bxg7 Kxg7 14. Re1 f5
15. Qe2 Re8 16. Bb5 Rf8 17. Nf1 a6 18. Bd3 Re8 19. f3 Nd6 20. Ng3 e6 21. Qe5+
Kg8 22. h5 Nf7 23. Qf4 g5 24. Qd2 Qf6 25. Kf2 h6 26. f4 g4 27. Re2 Re7 28. Rae1
Rae8 29. c4 Qxd4+ 30. Qe3 Qxe3+ 31. Rxe3 d4 32. R3e2 Kf8 33. b4 Nd8 34. c5 b5
35. Bc2 Nc6 36. a3 Kf7 37. Bb3 Kf6 38. Rd2 e5 39. fxe5+ Rxe5 40. Rxe5 Rxe5 41.
Ne2 Kg5 42. Nxd4 Nxd4 43. Rxd4 g3+ 44. Kf1 Kxh5 45. Bd1+ Kg5 46. Rd7 Be4 47.
Rg7+ Kf4 48. Rd7 Bd5 49. Rd6 Bc4+ 0-1

[Event "4NCL Division Four"]
[Site "Telford, ENG"]
[Date "2024.01.06"]
[Round "3.126"]
[White "Popovtseva, Polina"]
[Black "Eccleston, Rowan"]
[Result "1-0"]
[WhiteElo "1493"]
[BlackElo "1394"]
[PlyCount "133"]
[EventDate "2024.01.06"]
[WhiteTeam "She Plays To Win Young Stars A"]
[BlackTeam "Apprentice Woodpushers"]

1. e4 Nc6 2. d4 d5 3. e5 f6 4. f4 Bf5 5. a3 Qd7 6. Bb5 a6 7. Ba4 O-O-O 8. Ne2
e6 9. Nd2 Be7 10. O-O Bg4 11. Nf3 Nh6 12. c3 Nf7 13. h3 Bf5 14. Ng3 Bg6 15. Nh4
f5 16. Nf3 h6 17. b4 b5 18. Bc2 Bh7 19. h4 Rhg8 20. a4 Nb8 21. axb5 Qxb5 22.
Bd3 Qb6 23. Qa4 Kb7 24. Bd2 g5 25. hxg5 hxg5 26. b5 a5 27. fxg5 Nxg5 28. Qxa5
Qxa5 29. Rxa5 Nxf3+ 30. Rxf3 Bg6 31. Ne2 Bh5 32. Rh3 Bg4 33. Rh6 Bf3 34. Rh2
Bg5 35. gxf3 Bxd2+ 36. Kf2 Rg6 37. Ra2 Bh6 38. Ra1 Bd2 39. Rah1 Rgg8 40. Rh7
Rde8 41. Rf7 Kc8 42. Rhh7 Ref8 43. Rxc7+ Kd8 44. b6 Rh8 45. Rhe7 Rh2+ 46. Kg3
Rfh8 47. Ng1 Be1+ 48. Kf4 R2h4+ 49. Ke3 Rh2 50. Ne2 f4+ 51. Kxf4 R2h4+ 52. Ke3
Rh2 53. Rxe6 Bf2+ 54. Kd2 Nd7 55. Bb5 R8h7 56. Rd6 Bh4 57. Rdxd7+ Rxd7 58.
Rxd7+ Kc8 59. e6 Bg5+ 60. Kd3 Rh3 61. Rf7 Kb8 62. e7 Bxe7 63. Rxe7 Rxf3+ 64.
Kc2 Rf8 65. Bc6 Rd8 66. Ra7 Rd6 67. Ra8# 1-0

[Event "4NCL Division Four"]
[Site "Telford, ENG"]
[Date "2024.01.06"]
[Round "3.127"]
[White "Doherty, Paul"]
[Black "Sturt, Charles A"]
[Result "1-0"]
[WhiteElo "1793"]
[BlackElo "1618"]
[PlyCount "209"]
[EventDate "2024.01.06"]
[WhiteTeam "Apprentice Woodpushers"]
[BlackTeam "Celtic Tigers 3"]

1. e4 d6 2. Nc3 c6 3. f4 Nd7 4. Nf3 e5 5. Bc4 Nb6 6. Bb3 Bg4 7. fxe5 Qc7 8. O-O
dxe5 9. Qe1 Bxf3 10. Rxf3 Bc5+ 11. Kh1 Nf6 12. d3 O-O-O 13. Bg5 Qe7 14. Qh4
Nbd7 15. Ne2 h6 16. Bd2 g5 17. Qg3 Rh7 18. a4 Qd6 19. Bc4 Nxe4 20. Qe1 Nxd2 21.
Qxd2 e4 22. Rxf7 Rxf7 23. Bxf7 Ne5 24. Ba2 exd3 25. Ng3 Ng4 26. Rf1 Be3 27. Qa5
c5 28. cxd3 Nf2+ 29. Kg1 Ng4+ 30. Kh1 Kb8 31. h3 b6 32. Qe1 Nf2+ 33. Kh2 Qd4
34. Nf5 Qf4+ 35. Ng3 Nxd3 36. Rxf4 Nxe1 37. Re4 Bd2 38. Re2 Bb4 39. Nf5 h5 40.
Ne7 Kc7 41. Nd5+ Rxd5 42. Bxd5 Nd3 43. Bf7 h4 44. b3 a5 45. Re6 c4 46. bxc4
Bd6+ 47. Kg1 Nc5 48. Rg6 Nxa4 49. Rxg5 Bg3 50. Kf1 Nc5 51. Bg6 Ne6 52. Rf5 Nc5
53. Ke2 Ne6 54. Kd1 Nf4 55. Rf7+ Kd6 56. Be4 Kc5 57. Rf6 Kxc4 58. Rxb6 Kd4 59.
Bf3 Ke3 60. Rb2 Nd3 61. Re2+ Kd4 62. Kc2 Ne5 63. Kb3 Nd3 64. Ka4 Be1 65. Re4+
Kc5 66. Re8 Bb4 67. Be2 Nf4 68. Bf3 Kb6 69. Re4 Nd3 70. Re6+ Kc5 71. Bb7 Nf4
72. Rc6+ Kd4 73. Kb5 Ke5 74. Rh6 Be1 75. Rh8 Ne6 76. Re8 Kd6 77. Rg8 Nf4 78.
Rg4 Bg3 79. Kxa5 Ke5 80. Rg8 Kd4 81. Re8 Nd3 82. Kb6 Ne5 83. Re7 Ke3 84. Kc5
Kf2 85. Kd4 Ng6 86. Rf7+ Nf4 87. Ke5 Ke3 88. Kf5 Kf2 89. Kg4 Ke3 90. Rf5 Ne2
91. Rf3+ Kd2 92. Rxg3 hxg3 93. Bf3 Nd4 94. Kxg3 Ke3 95. h4 Ne6 96. h5 Kd4 97.
Kg4 Ke5 98. h6 Kf6 99. Be4 Ng5 100. Bb1 Nf7 101. Kh5 Nh8 102. g4 Nf7 103. Bg6
Nh8 104. g5+ Ke7 105. h7 1-0

[Event "4NCL Division Four"]
[Site "Telford, ENG"]
[Date "2024.01.06"]
[Round "3.128"]
[White "Perchard, Matthew"]
[Black "Mitchell, Ian"]
[Result "1-0"]
[WhiteElo "1532"]
[BlackElo "1622"]
[PlyCount "83"]
[EventDate "2024.01.06"]
[WhiteTeam "Celtic Tigers 3"]
[BlackTeam "Apprentice Woodpushers"]

1. e4 c6 2. Nc3 d5 3. d4 dxe4 4. Nxe4 Bf5 5. Ng3 Bg6 6. Nf3 Nd7 7. Bc4 e6 8.
Bf4 h6 9. Ne5 Bh7 10. O-O Ngf6 11. c3 Nb6 12. Bb3 Nbd5 13. Bd2 c5 14. Ba4+ Ke7
15. b4 cxb4 16. cxb4 Nb6 17. Bc1 Nxa4 18. Qxa4 Qxd4 19. Ba3 Qxe5 20. Rac1 b5
21. Qa6 Bd3 22. Qb7+ Nd7 23. Qxa8 Bxf1 24. Nxf1 Qb8 25. Rc8 Qxa8 26. Rxa8 Ne5
27. Rxa7+ Kf6 28. Bb2 Bxb4 29. Rb7 Bd6 30. f4 Kf5 31. fxe5 Bxe5 32. Bxe5 Kxe5
33. Rxb5+ Kf6 34. a4 e5 35. Ne3 Rc8 36. Ng4+ Kf5 37. Nxe5 Ke4 38. Nxf7 Rc1+ 39.
Kf2 Rc2+ 40. Kg3 Rc3+ 41. Kg4 Rc4 42. Nd6+ 1-0